Normal view MARC view
  • Bhatti, Capt Abid Hussain (TE-28)

Entry Personal Name

Number of records used in: 1

001 - CONTROL NUMBER

  • control field: 131162

003 - CONTROL NUMBER IDENTIFIER

  • control field: NUST

005 - DATE AND TIME OF LATEST TRANSACTION

  • control field: 20251015131740.0

008 - FIXED-LENGTH DATA ELEMENTS

  • fixed length control field: 251015|| aca||aabn | a|a d

040 ## - CATALOGING SOURCE

  • Original cataloging agency: NUST
  • Transcribing agency: NUST

100 ## - HEADING--PERSONAL NAME

  • Personal name: Bhatti, Capt Abid Hussain (TE-28)

670 ## - SOURCE DATA FOUND

  • Source citation: Work cat.: (NUST)182029: Bhatti, Capt Abid Hussain (TE-28), Microcomputer based speech synthesizer /, 1995
© 2023 Central Library, National University of Sciences and Technology. All Rights Reserved.